[Event "Cellavision Cup 2019"]
[Site "Lund"]
[Date "2019.08.02"]
[Round "3.6"]
[White "Silseth, Simon"]
[Black "Blomqvist, Erik"]
[Result "1-0"]
[WhiteElo "2264"]
[BlackElo "2492"]
[Annotator "ChessBase"]
[PlyCount "86"]
[EventDate "2019.08.02"]
[EventType "swiss"]
[EventCountry "SWE"]
[SourceTitle "playchess.com"]
[Source "ChessBase"]
[SourceQuality "1"]
[TimeControl "900+5"]

1. e4 {[%emt 0:00:00]} c5 {[%emt 0:00:00]} 2. Nc3 {[%emt 0:00:01]} a6 {[%emt 0:00:00]} 3. g3 {[%emt 0:00:04]} b5 {[%emt 0:00:00]} 4. Bg2 {[%emt 0:00:02]} Bb7 {[%emt 0:00:02]} 5. d3 {[%emt 0:00:05]} e6 {[%emt 0:00:02]} 6. Nf3 {[%emt 0:00:04]} d6 {[%emt 0:00:05]} 7. O-O {[%emt 0:00:06]} Nf6 {[%emt 0:00:04]} 8. a4 {[%emt 0:00:11]} b4 {[%emt 0:00:05]} 9. Ne2 {[%emt 0:00:03]} Nbd7 {[%emt 0:01:36]} 10. b3 {[%emt 0:00:05]} g6 {[%emt 0:00:17]} 11. Bb2 {[%emt 0:00:03]} Bg7 {[%emt 0:00:02]} 12. Nd2 {[%emt 0:00:23]} Qc7 {[%emt 0:00:56]} 13. Nc4 {[%emt 0:00:08]} O-O {[%emt 0:00:14]} 14. Nxd6 {[%emt 0:03:54]} Qxd6 {[%emt 0:00:16]} 15. e5 {[%emt 0:00:02]} Qc7 {[%emt 0:00:21]} 16. exf6 {[%emt 0:00:08]} Bxf6 {[%emt 0:00:43]} 17. Bxf6 {[%emt 0:00:37]} Nxf6 {[%emt 0:00:29]} 18. Nf4 {[%emt 0:00:22]} e5 {[%emt 0:00:12]} 19. Bxb7 {[%emt 0:00:08]} Qxb7 {[%emt 0:00:02]} 20. Ng2 {[%emt 0:00:04]} Rad8 {[%emt 0:00:42]} 21. Qe2 {[%emt 0:00:56]} Rfe8 {[%emt 0:00:31]} 22. f3 {[%emt 0:00:36]} Nd5 {[%emt 0:00:08]} 23. Ne3 {[%emt 0:00:13]} Nc3 {[%emt 0:00:02]} 24. Qf2 {[%emt 0:00:13]} h5 {[%emt 0:00:20]} 25. Nc4 {[%emt 0:00:05]} Qc7 {[%emt 0:00:44]} 26. Rae1 {[%emt 0:00:29]} Re7 {[%emt 0:01:29]} 27. Qe3 {[%emt 0:00:10]} Rde8 {[%emt 0:01:13]} 28. Qg5 {[%emt 0:00:20]} Kg7 {[%emt 0:00:29]} 29. Ne3 {[%emt 0:01:07]} Qd7 {[%emt 0:01:17]} 30. Nc4 {[%emt 0:00:35]} f6 {[%emt 0:00:44]} 31. Qe3 {[%emt 0:00:02]} Qd5 {[%emt 0:00:31]} 32. Rf2 {[%emt 0:00:39]} Re6 {[%emt 0:00:14]} 33. Rg2 {[%emt 0:00:13]} f5 {[%emt 0:00:30]} 34. Qg5 {[%emt 0:00:20]} Qxf3 {[%emt 0:00:20]} 35. Rf2 {[%emt 0:00:20]} Qg4 {[%emt 0:00:09]} 36. Qe3 {[%emt 0:00:07]} Qd4 {[%emt 0:00:18]} 37. Qg5 {[%emt 0:00:32]} e4 {[%emt 0:00:57]} 38. Ne3 {[%emt 0:00:24]} Rf8 {[%emt 0:00:31]} 39. Rf4 {[%emt 0:02:27]} Nd5 {[%emt 0:00:37]} 40. Rh4 {[%emt 0:00:31]} Nxe3 {[%emt 0:00:12]} 41. Rxe3 {[%emt 0:00:19]} Qd8 {[%emt 0:00:38]} 42. Rxh5 {[%emt 0:00:10]} Qxg5 {[%emt 0:00:10]} 43. Rxg5 {[%emt 0:00:01]} Kf6 1-0

[Event "Cellavision Cup 2019"]
[Site "Lund"]
[Date "2019.08.02"]
[Round "3.7"]
[White "Hector, Jonny"]
[Black "Brondt, Nicolai Kvist"]
[Result "1-0"]
[WhiteElo "2487"]
[BlackElo "2288"]
[Annotator "ChessBase"]
[PlyCount "67"]
[EventDate "2019.08.02"]
[EventType "swiss"]
[EventCountry "SWE"]
[SourceTitle "playchess.com"]
[Source "ChessBase"]
[SourceQuality "1"]
[TimeControl "900+5"]

1. e4 {[%emt 0:00:01]} c6 {[%emt 0:00:00]} 2. d4 {[%emt 0:00:02]} d5 {[%emt 0:00:00]} 3. Nd2 {[%emt 0:00:02]} dxe4 {[%emt 0:00:00]} 4. Nxe4 {[%emt 0:00:02]} Bf5 {[%emt 0:00:00]} 5. Ng3 {[%emt 0:00:02]} Bg6 {[%emt 0:00:01]} 6. Nh3 {[%emt 0:00:07]} e6 {[%emt 0:00:05]} 7. Nf4 {[%emt 0:00:03]} Bd6 {[%emt 0:00:13]} 8. h4 {[%emt 0:00:03]} Qc7 {[%emt 0:00:50]} 9. Nxg6 {[%emt 0:00:03]} hxg6 {[%emt 0:00:02]} 10. Ne4 {[%emt 0:00:03]} Bf4 {[%emt 0:00:30]} 11. Bxf4 {[%emt 0:00:04]} Qxf4 {[%emt 0:00:03]} 12. Ng5 {[%emt 0:00:03]} Nh6 {[%emt 0:01:18]} 13. g3 {[%emt 0:00:12]} Qd6 {[%emt 0:00:11]} 14. Qd2 {[%emt 0:00:08]} Nd7 {[%emt 0:00:18]} 15. Bh3 {[%emt 0:00:22]} O-O-O {[%emt 0:01:30]} 16. O-O-O {[%emt 0:00:11]} Kb8 {[%emt 0:00:38]} 17. Rhe1 {[%emt 0:00:13]} Rhe8 {[%emt 0:00:22]} 18. Kb1 {[%emt 0:00:23]} Qc7 {[%emt 0:02:38]} 19. Bxe6 {[%emt 0:01:03]} fxe6 {[%emt 0:00:02]} 20. Nxe6 {[%emt 0:00:02]} Rxe6 {[%emt 0:00:09]} 21. Rxe6 {[%emt 0:00:02]} Nf6 {[%emt 0:01:27]} 22. Qe2 {[%emt 0:00:16]} Nf5 {[%emt 0:01:11]} 23. c3 {[%emt 0:00:03]} c5 {[%emt 0:01:28]} 24. dxc5 {[%emt 0:00:49]} Rxd1+ {[%emt 0:00:30]} 25. Qxd1 {[%emt 0:00:03]} a6 {[%emt 0:00:14]} 26. b4 {[%emt 0:01:07]} Qd7 {[%emt 0:01:10]} 27. Qxd7 {[%emt 0:00:21]} Nxd7 {[%emt 0:00:02]} 28. Rxg6 {[%emt 0:00:36]} Kc7 {[%emt 0:00:59]} 29. Rg5 {[%emt 0:00:04]} Ne7 {[%emt 0:00:33]} 30. Rxg7 {[%emt 0:00:05]} Nd5 {[%emt 0:00:02]} 31. Kc2 {[%emt 0:00:06]} Kc6 {[%emt 0:00:02]} 32. h5 {[%emt 0:00:16]} a5 {[%emt 0:00:12]} 33. h6 {[%emt 0:00:09]} N7f6 {[%emt 0:00:05]} 34. h7 {[%emt 0:00:19]} 1-0

[Event "Cellavision Cup 2019"]
[Site "Lund"]
[Date "2019.08.02"]
[Round "3.8"]
[White "Petersson, Baldur Teodor"]
[Black "Cramling, Pia"]
[Result "1/2-1/2"]
[WhiteElo "2179"]
[BlackElo "2479"]
[Annotator "ChessBase"]
[PlyCount "123"]
[EventDate "2019.08.02"]
[EventType "swiss"]
[EventCountry "SWE"]
[SourceTitle "playchess.com"]
[Source "ChessBase"]
[SourceQuality "1"]
[TimeControl "900+5"]

1. e4 {[%emt 0:00:00]} c5 {[%emt 0:00:00]} 2. Nf3 {[%emt 0:00:00]} Nc6 {[%emt 0:00:10]} 3. d3 {[%emt 0:00:02]} g6 {[%emt 0:00:05]} 4. g3 {[%emt 0:00:02]} Bg7 {[%emt 0:00:00]} 5. Bg2 {[%emt 0:00:01]} d6 {[%emt 0:00:11]} 6. O-O {[%emt 0:00:05]} Rb8 {[%emt 0:00:06]} 7. c3 {[%emt 0:00:10]} e5 {[%emt 0:00:01]} 8. a3 {[%emt 0:00:05]} Nge7 {[%emt 0:00:22]} 9. Re1 {[%emt 0:00:36]} O-O {[%emt 0:00:03]} 10. b4 {[%emt 0:00:02]} h6 {[%emt 0:00:16]} 11. b5 {[%emt 0:03:37]} Na5 {[%emt 0:00:02]} 12. c4 {[%emt 0:00:03]} f5 {[%emt 0:00:04]} 13. Nc3 {[%emt 0:00:26]} f4 {[%emt 0:00:08]} 14. h3 {[%emt 0:00:41]} g5 {[%emt 0:00:50]} 15. g4 {[%emt 0:00:30]} b6 {[%emt 0:00:11]} 16. Nd5 {[%emt 0:00:53]} Nxd5 {[%emt 0:00:18]} 17. cxd5 {[%emt 0:00:20]} c4 {[%emt 0:00:28]} 18. dxc4 {[%emt 0:00:26]} Nxc4 {[%emt 0:00:20]} 19. Nd2 Na5 20. f3 {[%emt 0:01:09]} Bd7 {[%emt 0:00:30]} 21. Bf1 {[%emt 0:00:15]} Rc8 {[%emt 0:00:26]} 22. a4 {[%emt 0:00:36]} Qe7 {[%emt 0:01:58]} 23. Ba3 {[%emt 0:00:37]} Rc7 {[%emt 0:00:02]} 24. Rc1 {[%emt 0:00:22]} Rfc8 {[%emt 0:00:12]} 25. Rxc7 {[%emt 0:00:09]} Rxc7 {[%emt 0:00:01]} 26. Qb1 {[%emt 0:00:06]} Bf8 {[%emt 0:01:35]} 27. Rc1 {[%emt 0:00:13]} Qd8 {[%emt 0:00:07]} 28. Rc2 {[%emt 0:01:16]} Qc8 {[%emt 0:00:42]} 29. Rxc7 Qxc7 {[%emt 0:00:01]} 30. Qc1 {[%emt 0:00:36]} Qxc1 {[%emt 0:00:59]} 31. Bxc1 {[%emt 0:00:02]} Kf7 {[%emt 0:00:23]} 32. Ba3 {[%emt 0:00:14]} Ke8 {[%emt 0:00:24]} 33. Bb4 {[%emt 0:00:31]} Nb7 {[%emt 0:00:06]} 34. Nc4 {[%emt 0:00:21]} Be7 {[%emt 0:00:02]} 35. Kf2 {[%emt 0:00:11]} Bc8 {[%emt 0:00:09]} 36. Ke1 {[%emt 0:00:21]} Kd7 {[%emt 0:00:09]} 37. Kd2 {[%emt 0:00:02]} Bd8 {[%emt 0:00:26]} 38. Kc3 {[%emt 0:00:17]} Bc7 {[%emt 0:00:08]} 39. Kb3 {[%emt 0:00:07]} Nd8 {[%emt 0:00:59]} 40. Be2 {[%emt 0:01:06]} Nf7 {[%emt 0:00:19]} 41. a5 {[%emt 0:00:31]} bxa5 {[%emt 0:00:15]} 42. Bxa5 {[%emt 0:00:02]} Nd8 {[%emt 0:00:48]} 43. Bxc7 {[%emt 0:00:11]} Kxc7 {[%emt 0:00:02]} 44. Na5 {[%emt 0:00:03]} Kb6 {[%emt 0:01:13]} 45. Kb4 {[%emt 0:00:02]} Bd7 {[%emt 0:00:44]} 46. Nc4+ {[%emt 0:00:02]} Kc7 {[%emt 0:00:01]} 47. Na5 {[%emt 0:00:00]} Nf7 {[%emt 0:00:23]} 48. Nc4 {[%emt 0:01:01]} Nh8 {[%emt 0:00:13]} 49. Nd2 {[%emt 0:00:33]} Ng6 {[%emt 0:00:09]} 50. Ka5 {[%emt 0:00:01]} Bc8 {[%emt 0:00:06]} 51. Nc4 {[%emt 0:00:11]} Nh4 {[%emt 0:00:16]} 52. Na3 {[%emt 0:00:00]} Ng2 {[%emt 0:00:09]} 53. Nc2 {[%emt 0:00:01]} Ne3 {[%emt 0:00:11]} 54. Nxe3 {[%emt 0:00:02]} fxe3 {[%emt 0:00:02]} 55. Bd3 {[%emt 0:00:04]} Kb7 {[%emt 0:00:05]} 56. Be2 {[%emt 0:00:01]} Bd7 {[%emt 0:00:02]} 57. Bd3 {[%emt 0:00:02]} Be8 {[%emt 0:00:02]} 58. Be2 {[%emt 0:00:01]} h5 {[%emt 0:00:03]} 59. Bd1 {[%emt 0:00:03]} h4 {[%emt 0:00:47]} 60. Be2 {[%emt 0:00:01]} Bd7 {[%emt 0:00:01]} 61. Bd1 {[%emt 0:00:02]} Bc8 {[%emt 0:00:03]} 62. Be2 {[%emt 0:00:07]} 1/2-1/2

[Event "Cellavision Cup 2019"]
[Site "Lund"]
[Date "2019.08.02"]
[Round "3.9"]
[White "Dourerassou, Jonathan"]
[Black "Thorsbro, Peter"]
[Result "1-0"]
[WhiteElo "2477"]
[BlackElo "2199"]
[Annotator "TA"]
[PlyCount "47"]
[EventDate "2019.08.02"]
[EventType "swiss"]
[EventCountry "SWE"]
[SourceTitle "playchess.com"]
[Source "ChessBase"]
[SourceQuality "1"]

{[%evp 16,47,23,0,3,0,12,18,118,118,117,7,177,170,207,207,195,164,254,259,289,277,327,325,371,377,484,470,480,432,475,466,592,565]} 1. e4 e5 2. Nf3 Nc6 3. Bc4 Nf6 4. d3 Bc5 5. c3 d6 6. h3 a6 7. Bb3 Ba7 8. Nbd2 O-O 9. Nf1 {[%cal Bd2f1,Bf1g3,Bg3h5,Bh5f6,Bf6d5][%mdl 32]} Re8 {C54: Giuoco Piano: 4 c3 Nf6, main lines with 5 d4 and 5 d3} (9... Ne7 10. Ng3 Ng6 11. O-O Be6 12. Bc2 c5 13. Re1 h6 14. Bd2 Qd7 15. Qc1 Rfe8 16. a4 a5 17. c4 {½-½ (26) Wei,Y (2706)-Bu,X (2698) Shenzhen 2016}) 10. Ng3 Be6 11. Bg5 Qe7 $146 {[#]} (11... h6 $11 12. Bxe6 fxe6 13. Bxf6 Qxf6) ({Predecessor:} 11... h6 12. Bh4 Bxb3 13. axb3 g5 14. Nxg5 hxg5 15. Bxg5 Nb8 16. Qf3 Nbd7 17. h4 {1-0 (39) Belikov,V (2415)-Gyimesi,Z (2240) Kecskemet 1991}) 12. Nh5 $1 $16 {And now Bxf6 would win.} Kh8 13. Nh4 ({Better is} 13. O-O $16) 13... Bxb3 $2 (13... Bxf2+ $1 $11 14. Ke2 (14. Kxf2 Nxe4+ {[%mdl 64] Discovered Attack} 15. dxe4 Qxg5 $11) 14... Bxh4 15. Bxh4 Nb8) 14. axb3 $18 {aiming for Nf5.} Qe6 15. Bxf6 $1 gxf6 16. Qf3 Rg8 (16... Ne7 $142 17. Nxf6 (17. Qxf6+ Qxf6 18. Nxf6 Rf8 $16) 17... Red8) 17. Nxf6 ({Don't do} 17. Qxf6+ $6 Qxf6 18. Nxf6 Rgf8 $18) 17... Rg5 18. Nd5 Rc8 19. Nf5 Bb6 20. g4 Na5 21. b4 {White is clearly winning.} Nc6 22. h4 Rgg8 23. g5 Rce8 24. Nf6 {[%mdl 64] Double Attack. Accuracy: White = 72%, Black = 12%.} 1-0

[Event "Cellavision Cup 2019"]
[Site "Lund"]
[Date "2019.08.02"]
[Round "3.10"]
[White "Bogo, Soren"]
[Black "Popilski, Gil"]
[Result "0-1"]
[WhiteElo "2250"]
[BlackElo "2467"]
[Annotator "ChessBase"]
[PlyCount "56"]
[EventDate "2019.08.02"]
[EventType "swiss"]
[EventCountry "SWE"]
[SourceTitle "playchess.com"]
[Source "ChessBase"]
[SourceQuality "1"]
[TimeControl "900+5"]

1. d4 {[%emt 0:00:01]} Nf6 {[%emt 0:00:00]} 2. c4 {[%emt 0:00:01]} e6 {[%emt 0:00:02]} 3. Nc3 {[%emt 0:00:02]} Bb4 {[%emt 0:00:01]} 4. Nf3 {[%emt 0:00:08]} d5 {[%emt 0:00:57]} 5. Bg5 {[%emt 0:03:18]} Nbd7 {[%emt 0:00:12]} 6. e3 {[%emt 0:00:04]} c5 {[%emt 0:00:02]} 7. cxd5 {[%emt 0:00:10]} exd5 {[%emt 0:00:03]} 8. Be2 {[%emt 0:03:01]} Qa5 {[%emt 0:00:41]} 9. O-O {[%emt 0:01:24]} Bxc3 {[%emt 0:00:46]} 10. bxc3 {[%emt 0:00:01]} Ne4 {[%emt 0:00:01]} 11. c4 {[%emt 0:00:39]} dxc4 {[%emt 0:02:14]} 12. Bxc4 {[%emt 0:00:52]} cxd4 {[%emt 0:00:18]} 13. exd4 {[%emt 0:01:38]} Nxg5 {[%emt 0:04:18]} 14. Qe1+ {[%emt 0:00:29]} Qxe1 {[%emt 0:00:04]} 15. Rfxe1+ {[%emt 0:00:04]} Ne6 {[%emt 0:00:03]} 16. d5 {[%emt 0:00:03]} Nb6 {[%emt 0:00:20]} 17. Bb3 {[%emt 0:01:28]} Nxd5 {[%emt 0:00:09]} 18. Bxd5 {[%emt 0:00:01]} O-O {[%emt 0:00:03]} 19. Rac1 {[%emt 0:00:36]} Rd8 {[%emt 0:00:08]} 20. Bb3 {[%emt 0:00:08]} Kf8 {[%emt 0:00:35]} 21. Ne5 {[%emt 0:00:42]} Rd6 {[%emt 0:01:52]} 22. f4 {[%emt 0:00:16]} g6 {[%emt 0:00:55]} 23. g3 {[%emt 0:00:41]} b5 {[%emt 0:00:39]} 24. Nc6 {[%emt 0:00:49]} Bd7 {[%emt 0:00:22]} 25. Na5 {[%emt 0:00:11]} Rc8 {[%emt 0:00:36]} 26. Rxc8+ {[%emt 0:00:09]} Bxc8 27. Re5 {[%emt 0:00:07]} a6 {[%emt 0:00:31]} 28. f5 {[%emt 0:00:02]} Nd4 {[%emt 0:00:03]} 0-1

[Event "Cellavision Cup 2019"]
[Site "Lund"]
[Date "2019.08.02"]
[Round "3.10"]
[White "Bogo, Soren"]
[Black "Popilski, Gil"]
[Result "*"]
[WhiteElo "2250"]
[BlackElo "2467"]
[Annotator "TA"]
[PlyCount "39"]
[EventDate "2019.08.02"]
[EventType "swiss"]
[EventCountry "SWE"]
[SourceTitle "playchess.com"]
[Source "ChessBase"]
[SourceQuality "1"]

{[%evp 16,23,9,0,9,18,59,50,77,77]} 1. d4 Nf6 2. c4 e6 3. Nc3 Bb4 4. Nf3 d5 5. Bg5 Nbd7 6. e3 c5 7. cxd5 exd5 8. Be2 Qa5 9. O-O Bxc3 {D38: Queen's Gambit Declined: Ragozin Defence (4 Nf3 Bb4)} 10. bxc3 Ne4 (10... c4 11. Nd2 Qxc3 12. e4 Nxe4 13. Nxe4 dxe4 14. Rc1 Qa5 15. Bd2 Qf5 16. Bxc4 O-O 17. Bb3 {½-½ (57) Navara,D (2718)-Saric,I (2678) Bol 2014}) 11. c4 dxc4 12. Bxc4 {Predecessor:} Nb6 $146 13. Qc2 Bf5 14. Bd3 Nxg5 15. Nxg5 Bxd3 16. Qxd3 cxd4 17. Qe4+ Kf8 18. Qf4 f6 19. Qd6+ Ke8 20. Qf4 {1-0 (20) Romanov,E (2611)-Bajarani,I (2313) St Petersburg 2012} *

[Event "Cellavision Cup 2019"]
[Site "Lund"]
[Date "2019.08.02"]
[Round "3.11"]
[White "Smith, Axel"]
[Black "Holst, Conny"]
[Result "1/2-1/2"]
[WhiteElo "2469"]
[BlackElo "2184"]
[Annotator "ChessBase"]
[PlyCount "125"]
[EventDate "2019.08.02"]
[EventType "swiss"]
[EventCountry "SWE"]
[SourceTitle "playchess.com"]
[Source "ChessBase"]
[SourceQuality "1"]
[TimeControl "900+5"]

1. Nf3 {[%emt 0:00:00]} Nf6 {[%emt 0:00:00]} 2. c4 {[%emt 0:00:00]} e6 {[%emt 0:00:00]} 3. g3 {[%emt 0:00:01]} b6 {[%emt 0:00:04]} 4. Bg2 {[%emt 0:00:03]} Bb7 {[%emt 0:00:01]} 5. O-O {[%emt 0:00:04]} c5 {[%emt 0:00:34]} 6. Nc3 {[%emt 0:00:02]} Be7 {[%emt 0:00:10]} 7. d4 {[%emt 0:00:04]} cxd4 {[%emt 0:00:03]} 8. Qxd4 {[%emt 0:00:01]} O-O {[%emt 0:00:57]} 9. Rd1 {[%emt 0:00:25]} d6 {[%emt 0:01:22]} 10. b3 {[%emt 0:01:24]} Nbd7 {[%emt 0:00:07]} 11. Bb2 {[%emt 0:02:28]} a6 {[%emt 0:00:48]} 12. Ng5 {[%emt 0:00:28]} Bxg2 {[%emt 0:00:08]} 13. Kxg2 {[%emt 0:00:01]} Qc8 {[%emt 0:00:28]} 14. f3 {[%emt 0:02:08]} Qb7 {[%emt 0:00:21]} 15. Nge4 {[%emt 0:00:27]} Ne8 {[%emt 0:02:49]} 16. Rac1 {[%emt 0:00:50]} Rc8 {[%emt 0:00:21]} 17. Rd2 {[%emt 0:02:39]} h6 {[%emt 0:00:38]} 18. Rcd1 {[%emt 0:00:25]} Ne5 {[%emt 0:00:46]} 19. Na4 {[%emt 0:01:11]} b5 {[%emt 0:01:01]} 20. cxb5 {[%emt 0:00:03]} axb5 {[%emt 0:00:03]} 21. Qb6 {[%emt 0:00:02]} Rc7 {[%emt 0:00:30]} 22. Qxb7 {[%emt 0:00:30]} Rxb7 {[%emt 0:00:01]} 23. Bxe5 {[%emt 0:00:10]} bxa4 {[%emt 0:00:12]} 24. Nxd6 {[%emt 0:00:17]} Nxd6 {[%emt 0:00:04]} 25. Bxd6 {[%emt 0:00:04]} Bxd6 {[%emt 0:00:01]} 26. Rxd6 {[%emt 0:00:01]} axb3 {[%emt 0:00:02]} 27. axb3 {[%emt 0:00:06]} Rxb3 {[%emt 0:00:02]} 28. R1d2 {[%emt 0:00:15]} Rfb8 {[%emt 0:00:17]} 29. h4 {[%emt 0:00:15]} h5 {[%emt 0:00:25]} 30. Rd8+ {[%emt 0:01:08]} Rxd8 {[%emt 0:00:04]} 31. Rxd8+ {[%emt 0:00:01]} Kh7 {[%emt 0:00:01]} 32. Rd7 {[%emt 0:00:02]} Kg6 {[%emt 0:00:03]} 33. Rc7 {[%emt 0:00:06]} e5 {[%emt 0:01:11]} 34. Kf2 {[%emt 0:00:26]} f6 {[%emt 0:00:04]} 35. Ra7 {[%emt 0:00:05]} Rc3 {[%emt 0:00:02]} 36. Ra4 {[%emt 0:00:23]} Rb3 {[%emt 0:00:30]} 37. Ra7 {[%emt 0:00:02]} Rc3 {[%emt 0:00:02]} 38. Rd7 {[%emt 0:00:01]} Rb3 {[%emt 0:00:03]} 39. Rd3 {[%emt 0:00:04]} Rb1 {[%emt 0:00:30]} 40. Ke3 {[%emt 0:00:08]} Rg1 {[%emt 0:00:10]} 41. Kf2 {[%emt 0:00:01]} Rb1 {[%emt 0:00:01]} 42. Ra3 {[%emt 0:00:16]} Rc1 {[%emt 0:00:10]} 43. Rb3 {[%emt 0:00:53]} Ra1 {[%emt 0:00:05]} 44. Rc3 {[%emt 0:00:24]} Rb1 {[%emt 0:00:05]} 45. Rc5 {[%emt 0:00:03]} Rb3 {[%emt 0:00:05]} 46. Kg2 {[%emt 0:00:03]} Rb2 {[%emt 0:00:04]} 47. Kf1 {[%emt 0:00:02]} Rb1+ {[%emt 0:00:03]} 48. Kf2 {[%emt 0:00:01]} Rb3 {[%emt 0:00:02]} 49. Rd5 {[%emt 0:00:02]} Rc3 {[%emt 0:00:04]} 50. Rd3 {[%emt 0:00:01]} Rc1 {[%emt 0:00:02]} 51. Ra3 {[%emt 0:00:13]} Rb1 {[%emt 0:00:02]} 52. Rd3 {[%emt 0:00:18]} Rc1 {[%emt 0:00:02]} 53. Rb3 {[%emt 0:00:01]} Ra1 {[%emt 0:00:02]} 54. Rc3 {[%emt 0:00:09]} Rd1 {[%emt 0:00:03]} 55. Rd3 {[%emt 0:00:03]} Rc1 {[%emt 0:00:02]} 56. Rd5 {[%emt 0:00:04]} Rc3 {[%emt 0:00:04]} 57. Ra5 {[%emt 0:00:07]} Rb3 {[%emt 0:00:04]} 58. Rd5 {[%emt 0:00:05]} Rc3 {[%emt 0:00:02]} 59. Rd3 {[%emt 0:00:05]} Rc1 {[%emt 0:00:02]} 60. Kg2 {[%emt 0:00:05]} Rc2 {[%emt 0:00:03]} 61. Kf2 {[%emt 0:00:03]} Rc1 {[%emt 0:00:02]} 62. Kg2 {[%emt 0:00:01]} Rc2 {[%emt 0:00:01]} 63. Kf2 1/2-1/2

[Event "Cellavision Cup 2019"]
[Site "Lund"]
[Date "2019.08.02"]
[Round "3.11"]
[White "Smith, Axel"]
[Black "Holst, Conny"]
[Result "*"]
[WhiteElo "2469"]
[BlackElo "2184"]
[Annotator "TA"]
[PlyCount "44"]
[EventDate "2019.08.02"]
[EventType "swiss"]
[EventCountry "SWE"]
[SourceTitle "playchess.com"]
[Source "ChessBase"]
[SourceQuality "1"]

{[%evp 24,29,10,15,6,0,0,0]} 1. Nf3 Nf6 2. c4 e6 3. g3 b6 4. Bg2 Bb7 5. O-O c5 6. Nc3 Be7 7. d4 cxd4 8. Qxd4 O-O 9. Rd1 d6 10. b3 Nbd7 11. Bb2 a6 12. Ng5 Bxg2 13. Kxg2 {The position is equal.} Qc8 {A30: Symmetrical English: Double Fianchetto and Hedgehog} (13... Rc8 14. Nce4 Rc6 15. Qd3 Re8 16. Nxf6+ Nxf6 17. Bxf6 Bxf6 18. Qxh7+ Kf8 19. Qe4 Rc5 20. Nh7+ Kg8 21. Nxf6+ Qxf6 {1-0 (39) Nakamura,H (2779)-Pantsulaia,L (2607) Doha 2016}) 14. f3 Qb7 15. Nge4 {Predecessor:} Ne8 $146 16. a4 Nc5 17. Nd2 Bg5 18. Nce4 Bxd2 19. Nxd6 Qd7 20. Qxd2 Qxd6 21. Qxd6 Nxd6 22. Rxd6 Nxb3 {1-0 (43) Ninov,K (2425)-Markus,J (2265) Dieren 1990} *

[Event "Cellavision Cup 2019"]
[Site "Lund"]
[Date "2019.08.02"]
[Round "3.12"]
[White "Namini, Armin"]
[Black "Hansen, Torbjorn Ringdal"]
[Result "1/2-1/2"]
[WhiteElo "2241"]
[BlackElo "2432"]
[Annotator "NA"]
[PlyCount "104"]
[EventDate "2019.08.02"]
[EventType "swiss"]
[EventCountry "SWE"]
[SourceTitle "playchess.com"]
[Source "ChessBase"]
[SourceQuality "1"]
[TimeControl "900+5"]

1. c4 {[%emt 0:00:00]} c5 {[%emt 0:00:01]} 2. Nf3 {[%emt 0:00:04]} Nc6 {[%emt 0:00:11]} 3. d4 {[%emt 0:00:02]} cxd4 {[%emt 0:00:21]} 4. Nxd4 {[%emt 0:00:02]} Nf6 {[%emt 0:00:16]} 5. Nc3 {[%emt 0:00:03]} e6 {[%emt 0:00:47]} 6. a3 {[%emt 0:00:04]} d5 {[%emt 0:00:18]} 7. cxd5 {[%emt 0:00:50] A33: Symmetrical English: 2 Nf3 Nf6 3 d4 cxd4 4 Nxd4 e6 5 Nc3 Nc6} exd5 {[%emt 0:00:11]} 8. g3 {[%emt 0:00:39]} (8. Bg5 Bc5 9. e3 Bxd4 10. exd4 O-O 11. Be2 h6 12. Bh4 Qd6 13. Bg3 Qe7 14. O-O Bf5 15. Re1 Qd7 16. Bf3 {½-½ (33) Navara,D (2737)-Anand,V (2783) Saint Louis 2017}) 8... Bc5 {[%emt 0:00:28]} 9. Nb3 {[%emt 0:01:00] The position is equal.} Bb6 {[%emt 0:00:25]} 10. Bg2 {[%emt 0:00:13]} d4 {[%emt 0:00:57]} 11. Na4 {[%emt 0:00:24]} O-O {[%emt 0:00:13]} 12. O-O {[%emt 0:00:15]} Re8 $146 {[%emt 0:00:28]} ({Predecessor:} 12... Bg4 13. h3 Bh5 14. g4 Bg6 {½-½ (49) Mareco,S (2580)-Krysa,L (2378) Villa Martelli 2013}) 13. Bg5 {[%emt 0:01:36]} h6 {[%emt 0:00:33]} 14. Nxb6 {[%emt 0:01:18]} axb6 {[%emt 0:00:02]} 15. Bf4 {[%emt 0:00:17]} ({White should play} 15. Bxf6 $11 Qxf6 16. Re1) 15... Be6 {[%emt 0:02:25]} 16. Re1 {[%emt 0:01:49]} Bd5 {[%emt 0:00:22]} 17. Qd3 {[%emt 0:01:41]} Bxg2 {[%emt 0:00:35]} 18. Kxg2 {[%emt 0:00:02]} Qd7 {[%emt 0:01:36]} 19. Rad1 {[%emt 0:00:31]} Rad8 {[%emt 0:00:02]} 20. Qf3 {[%emt 0:01:58]} Qe6 {[%emt 0:01:12]} 21. Nc1 {[%emt 0:01:19]} g5 {[%emt 0:00:46]} 22. Bd2 {[%emt 0:00:17]} Rd5 {[%emt 0:01:05]} 23. Qb3 {[%emt 0:01:18]} Ne4 {[%emt 0:00:37]} 24. Nd3 {[%emt 0:00:17]} Nc5 {[%emt 0:00:57]} 25. Nxc5 {[%emt 0:00:03]} bxc5 {[%emt 0:00:01]} 26. Qxb7 {[%emt 0:00:36]} Rb8 {[%emt 0:00:07]} 27. Qa6 {[%emt 0:00:03]} Rxb2 {[%emt 0:00:09]} 28. Qc4 {[%emt 0:00:08]} Ne5 {[%emt 0:00:09]} 29. Qc1 {[%emt 0:00:07]} Rb3 {[%emt 0:00:06]} 30. h3 {[%emt 0:00:17]} c4 {[%emt 0:00:31]} 31. Bb4 {[%emt 0:00:03]} c3 {[%emt 0:00:12]} 32. Kh2 {[%emt 0:00:13]} Rb2 {[%emt 0:00:05]} 33. Rxd4 {[%emt 0:00:09]} Rxd4 {[%emt 0:00:22]} 34. Bxc3 {[%emt 0:00:00]} Nf3+ {[%emt 0:00:45]} 35. exf3 {[%emt 0:00:04]} Rxf2+ {[%emt 0:00:02]} 36. Kg1 {[%emt 0:00:02]} Qxh3 {[%emt 0:00:01]} 37. Kxf2 {[%emt 0:00:05]} Qh2+ {[%emt 0:00:10]} 38. Ke3 {[%emt 0:00:01]} Rd8 {[%emt 0:00:07]} 39. Be5 {[%emt 0:00:17]} Re8 {[%emt 0:00:08]} 40. Kd4 {[%emt 0:00:02]} Qf2+ {[%emt 0:00:10]} 41. Qe3 {[%emt 0:00:03]} Qb2+ {[%emt 0:00:02]} 42. Qc3 {[%emt 0:00:03]} Rd8+ {[%emt 0:00:06]} 43. Ke4 {[%emt 0:00:08]} Qb5 {[%emt 0:00:13]} 44. f4 {[%emt 0:00:09]} g4 {[%emt 0:00:16]} 45. Kf5 {[%emt 0:00:07]} Qd7+ {[%emt 0:00:03]} 46. Ke4 {[%emt 0:00:01]} Qb7+ {[%emt 0:00:01]} 47. Kf5 {[%emt 0:00:05]} Qd7+ {[%emt 0:00:04]} 48. Ke4 {[%emt 0:00:02]} Qd5+ {[%emt 0:00:01]} 49. Kf5 {[%emt 0:00:03]} Qe6+ {[%emt 0:00:09]} 50. Ke4 {[%emt 0:00:01]} Qd5+ {[%emt 0:00:10]} 51. Kf5 {[%emt 0:00:01]} Qe6+ {[%emt 0:00:11]} 52. Ke4 {[%emt 0:00:01]} Qd5+ 1/2-1/2